000
00284 a2200097 4500
020
_a
9789364872126
100
_a
Satchidanandan
245
_a
Randu natakangal uppu guru(രണ്ട് നാടകങ്ങൾ ഉപ്പ്, ഗുരു)
260
_b
D C books
_c
2025
942
_c
OO
999
_c
115266
_d
115265